Advanced Mandarin language course / Christopher Robert G. Go., MS. (Record no. 21302)

000 -LEADER
fixed length control field 00520nam a22001577a 4500
020 ## - INTERNATIONAL STANDARD BOOK NUMBER
ISBN 9789719655015
082 ## - DEWEY DECIMAL CLASSIFICATION NUMBER
Classification number 495.15
Item number G573 2022
100 ## - MAIN ENTRY--AUTHOR NAME
Personal name Go, Christopher Robert G., author.
245 ## - TITLE STATEMENT
Title Advanced Mandarin language course / Christopher Robert G. Go., MS.
260 ## - PUBLICATION, DISTRIBUTION, ETC. (IMPRINT)
Place of publication Manila :
Name of publisher Mindshapers Co., Inc.,
Year of publication ©2022.
300 ## - PHYSICAL DESCRIPTION
Number of Pages vi, 99 pages ;
Other physical details 23 cm
500 ## - GENERAL NOTE
General note Includes bibliographical references.
650 ## - SUBJECT ADDED ENTRY--TOPICAL TERM
Topical Term Chinese language -- Grammar.
650 ## - SUBJECT ADDED ENTRY--TOPICAL TERM
Topical Term Chinese language -- Self-instruction.
942 ## - ADDED ENTRY ELEMENTS (KOHA)
Koha item type Books
Holdings
Source of acquisition Permanent Location Date acquired Koha item type Collection code Accession Number Lost status Shelving location Withdrawn status Current Location Full call number
SchoolCagayan State University - Carig Library2025-08-28BooksLanguages011060 General Collection Cagayan State University - Carig Library495.15 G573 2022
SchoolCagayan State University - Carig Library2025-08-28BooksLanguages011061 General Collection Cagayan State University - Carig Library495.15 G573 2022
SchoolCagayan State University - Carig Library2025-08-28BooksLanguages011062 General Collection Cagayan State University - Carig Library495.15 G573 2022

Cagayan State University University Library, Carig Campus
Tuguegarao City, Cagayan 3500 | www.csucarig.edu.ph

Powered by Koha